000 00450nam a2200157Ia 4500
008 210210b1991 xxu||||| |||| 00| 0 eng d
020 _a81 7100 746 5
082 _a658.3 BHAS
100 _aBHATIA (B S) and others.
245 _aStudies in human resource development. 3V.V2-emerging dimensions.
260 _aN D
_bDeep & Deep Publications
_c1991
300 _axiii,318
650 _aH R D
690 _aPersonnel Management
906 _a052434
999 _c101022
_d101022